| 000 | 01114cab a2200193 4500 | ||
|---|---|---|---|
| 001 | L136116 | ||
| 008 | 070111n2006 000 0 eng u | ||
| 035 | _a(Sirsi) u136116 | ||
| 041 | 0 | _aeng | |
| 110 | 2 |
_aConfederation of British Industry _9414 |
|
| 245 | 0 | 0 | _aInternet having major impact but UK business yet to harness it's full potential |
| 260 | _c2006 | ||
| 520 | _aDiscusses how the Internet has changed the way that UK businesses operate, the way people work, and the way goods and services are sold and advertised. However a survey from CBI and Google has found that over two-thirds of respondents said their company still had a lot to learn about how to reach customers online, and only a quarter of respondents felt that they make better use of the Internet than their competitors. | ||
| 590 | _aKA | ||
| 651 | 4 |
_aUnited Kingdom _y |
|
| 690 | _aMANAGEMNET-BUSINESS MANAGEMENT-INFORMATION MANAGEMENT | ||
| 856 | 4 | 0 |
_uhttps://www.cbi.org.uk/ndbs/press.nsf/38e2a44440c22db6802567300067301b/0fc3b0741cabae318025722c004fe163?OpenDocument _zView the item free of charge at www.cbi.org.uk... |
| 942 | _n0 | ||
| 999 |
_c78143 _d78143 |
||